000 00500nam a2200205Ia 4500
003 0100
008 130227s9999 xx 000 0 und d
040 _cARRUPELIB
050 _aBF38.B84
100 _aBudd, Malcolm
245 _aWittgenstein's philosophy of psychology
260 _aLondon
260 _bRoutledge
260 _C1989
300 _a186p.
300 _b 23 cm
440 _aInternational library of philosophy
650 _bGabon- Social life and customs
942 _2lcc
_01
999 _c2603
_d2603